Πρόταση σχεδίασης εκπαιδευτικής εφαρμογής εικονικής πραγματικότητας, για εκπαίδευση παιδιών με κινητικές αναπηρίες στην ένδυση : διπλωματική εργασία

Σχεδίαση ενός εικονικού εκπαιδευτικού παιχνιδιού για την εκπαίδευση της ένδυσης σε παιδιά με κινητικές αναπηρίες

Αποθηκεύτηκε σε:
Λεπτομέρειες βιβλιογραφικής εγγραφής
Κύριος συγγραφέας: Νικολοπούλου, Όλγα Μ.
Συγγραφή απο Οργανισμό/Αρχή: Πανεπιστήμιο Αιγαίου. Τμήμα Μηχανικών Σχεδίασης Προϊόντων και Συστημάτων
Άλλοι συγγραφείς: Δαρζέντα, Τζένη (Εισηγητής διατριβής)
Μορφή: Thesis Βιβλίο
Γλώσσα:Greek
Δημοσίευση: 2010
Θέματα:
Διαθέσιμο Online:http://hdl.handle.net/11610/9162
Ετικέτες: Προσθήκη ετικέτας
Δεν υπάρχουν, Καταχωρήστε ετικέτα πρώτοι!

MARC

LEADER 00000cam a2200000 i 4500
001 1/14320
008 110722s2010 gre d
035 |l 10110535 
040 |a GR-MY-UA  |b gre  |e aacr 
041 0 |a gre 
082 0 |a 371.91633468  |2 (22) 
100 1 |a Νικολοπούλου, Όλγα Μ. 
245 1 0 |a Πρόταση σχεδίασης εκπαιδευτικής εφαρμογής εικονικής πραγματικότητας, για εκπαίδευση παιδιών με κινητικές αναπηρίες στην ένδυση :  |b διπλωματική εργασία /  |c Όλγα Μ. Νικολοπούλου ; επιβλέπουσα καθηγήτρια: Τζένη Δαρζέντα 
260 |c 2010 
300 |a 159 φύλλα;  |b εικ.;  |c 30 εκ. 
500 |a Διάθεση πλήρους κειμένου περιορισμένης πρόσβασης, με κλειδωμένη τη δυνατότητα αντιγραφής του κειμένου. 
502 |a Πτυχιακή εργασία – Πανεπιστήμιο Αιγαίου, Σύρος, 2010. 
504 |a Βιβλιογραφία: σ. 150-159 
520 |a Σχεδίαση ενός εικονικού εκπαιδευτικού παιχνιδιού για την εκπαίδευση της ένδυσης σε παιδιά με κινητικές αναπηρίες 
650 0 0 |a Children with disabilities  |x Education  |x Clothing. 
650 0 0 |a Clothing and dress  |x Study and teaching. 
650 0 0 |a Dissertations, Academic  |z Greece. 
700 1 |a Δαρζέντα, Τζένη.  |4 ths 
710 2 |a Πανεπιστήμιο Αιγαίου.   |b Τμήμα Μηχανικών Σχεδίασης Προϊόντων και Συστημάτων. 
852 |a INST  |b SYROS  |c DIATR  |e 20110722  |h 371.91633468 ΝΙΚ  |p 005500009681  |q 005500009681  |t DIE  |y 23 
852 |a INST  |b SYROS  |c DIATR  |e 20110722  |h 371.91633468 ΝΙΚ  |p 005500009682  |q 005500009682  |t DIE  |y 23 
856 |u http://hdl.handle.net/11610/9162 
901 |a BIBL5-2010-2 
909 |a Ε  |b 169582 
909 |a Ε  |b 169583 
924 |a ΝΙΚΟΛΟΠΟΥΛΟΥ  |b ΟΛΓΑ Μ.  |y ΣΥΡΟΣ  |z 2010-12 
970 |a ΚΟΝΤΟΥ  |b ΠΑΡΑΣΚΕΥΗ  |z 2011/07/22